BIBLIOTECA “JULIO CORTÁZAR”
ESCUELA AGROTÉCNICA “LIBERTADOR GENERAL SAN MARTÍN” - UNR – CASILDA

Logo Escuela Logo UNR

Xul Solar / (Record no. 2014)

MARC details
000 -LEADER
campo de control de longitud fija 00867nam#a22002775a#4500
001 - NÚMERO DE CONTROL
campo de control 2014
020 ## - NÚMERO INTERNACIONAL ESTÁNDAR DEL LIBRO
Número Internacional Estándar del Libro 9789502412795
080 ## - NÚMERO DE LA CLASIFICACIÓN DECIMAL UNIVERSAL
Número de la Clasificación Decimal Universal 7(82)
084 ## - OTRO NÚMERO DE CLASIFICACIÓN
Número de clasificación G91
040 ## - FUENTE DE CATALOGACIÓN
Centro catalogador/agencia de origen AR-ClEAG
Centro/agencia transcriptor AR-ClEAG
008 - DATOS DE LONGITUD FIJA--INFORMACIÓN GENERAL
campo de control de longitud fija 120803s2009####ag#####b######001#0dspa#d
005 - FECHA Y HORA DE LA ÚLTIMA TRANSACCIÓN
campo de control 20241107184730.0
003 - IDENTIFICADOR DE NÚMERO DE CONTROL
campo de control AR-ClEAG
100 1# - ENTRADA PRINCIPAL--NOMBRE DE PERSONA
Nombre de persona Guidalevich, Vali.
245 10 - MENCIÓN DEL TÍTULO
Título Xul Solar /
Mención de responsabilidad, etc. Vali Guidalevich ; editado por Cecilia Repetti.
250 ## - MENCION DE EDICION
Mención de edición 1ª ed. 1ª reimp.
260 ## - PUBLICACIÓN, DISTRIBUCIÓN, ETC.
Lugar de publicación, distribución, etc. Buenos Aires :
Nombre del editor, distribuidor, etc. Albatros,
Fecha de publicación, distribución, etc. 2009.
300 ## - DESCRIPCIÓN FÍSICA
Extensión 48 p. :
Otras características físicas fot. col., lams. ;
Dimensiones 25 cm.
490 0# - MENCIÓN DE SERIE
Mención de serie Arte para chicos
500 ## - NOTA GENERAL
Nota general Incorpora actividades en relación a la obras artísticas para trabajar junto a los niños.
653 ## - TÉRMINO DE INDIZACIÓN--NO CONTROLADO
Término no controlado Arte argentino
653 ## - TÉRMINO DE INDIZACIÓN--NO CONTROLADO
Término no controlado Schulz Solari, Oscar Agustín Alejandro
653 ## - TÉRMINO DE INDIZACIÓN--NO CONTROLADO
Término no controlado Historia del arte argentino
700 1# - ENTRADA AGREGADA--NOMBRE PERSONAL
Nombre de persona Repetti, Cecilia,
Término indicativo de función/relación editor.
Relación edt
942 ## - ELEMENTOS DE ENTRADA SECUNDARIOS (KOHA)
Tipo de ítem Koha Libros
980 ## - EQUIVALENCIA O REFERENCIA-CRUZADA-MENCIÓN DE SERIE--NOMBRE DE PERSONA/TÍTULO [LOCAL, CANADÁ]
Enlace 2
Nombre de persona Evangelina Gallicchio
Enlace entre campo y número de secuencia 2
Información miscelánea Evangelina Gallicchio
Holdings
Estatus retirado Estado de pérdida Fuente del sistema de clasificación o colocación Estado de daño No para préstamo Biblioteca de origen Biblioteca actual Ubicación en estantería Fecha de adquisición Número de inventario Total de préstamos Signatura topográfica completa Código de barras Visto por última vez Precio de reemplazo Tipo de ítem Koha
    Clasificación decimal universal     Julio Cortázar Julio Cortázar   07/11/2024 3783   R24 7(82) G91 Ej.1 3783 07/11/2024 07/11/2024 Libros

Contacto

Biblioteca Julio Cortázar. Escuela Agrotécnica "Libertador San Martín". Universidad Nacional de Rosario
Dirección: Ov. Lagos 1000 - 2170 Casilda - Santa Fe - Argentina
Tel: (54) (03464) 422226.
Fax: (54) (03464) 427789.
E-Mail: biblio-eac@unr.edu.ar